| 000 | 00663nam a2200241 a 4500 | ||
|---|---|---|---|
| 001 | 000024243 | ||
| 003 | DO-SdBNP | ||
| 005 | 20180402084416.0 | ||
| 007 | 000024243 | ||
| 008 | 110125s 2010 dr a 000 0 spa d | ||
| 020 | _a9789945131352 | ||
| 020 | _a9945131354 | ||
| 040 |
_aBPMSU _bspa _cBPMSU |
||
| 092 |
_axxxx _bxxxx |
||
| 100 | 1 | _aLebrón, Nison A. | |
| 245 | 1 | 0 |
_aAlfa - Beto / _cNison A. Lebrón. |
| 260 |
_aSanto Domingo : _bEdiciones Hamlet, _c2010. |
||
| 300 |
_a30 p. : _bil. ; _c22 cm. |
||
| 910 | _aInventariado /2017 | ||
| 942 |
_2ddc _cBK |
||
| 945 | _aRemanejado para la BNPHU / 2018 VM | ||
| 956 |
_aVMATEO _b10 _c20150514 _lBPMSU _h00151 |
||
| 999 |
_c7874 _d7874 |
||